000 00907pam a2200289 a 4500
999 _c22365
_d22365
001 3260766
003 OSt
005 20170124085151.0
008 810807s1981 nyua b 001 0ceng
010 _a 81013086
020 _a0823028852
040 _aDLC
_cDLC
_dDLC
043 _an-us---
050 0 0 _aNK4008
_b.W43
082 0 0 _a738.3
_219
100 1 _aWechsler, Susan.
245 1 0 _aLow-fire ceramics /
_cby Susan Wechsler.
260 _aNew York :
_bWatson-Guptill,
_c1981.
300 _a184 p. :
_bill. (some col.) ;
_c29 cm.
500 _aIncludes index.
504 _aBibliography: p. 180-182.
650 0 _aPottery, American
_y20th century.
650 0 _aPotters
_zUnited States
_xInterviews.
650 0 _aPottery
_xHistory.
906 _a7
_bcbc
_corignew
_d1
_eocip
_f19
_gy-gencatlg
942 _2lcc
_cBOOKS
_hNK 4008 .W43 1981